Espejo de príncipes y caballeros III

Gorde:
Xehetasun bibliografikoak
Egile nagusia: Ortúnez de Calahorra, Diego
Formatua: Liburua
Hizkuntza:Undetermined
Argitaratua: Madrid, España Espasa-Calpe 1975
Gaiak:
Etiketak: Etiketa erantsi
Etiketarik gabe, Izan zaitez lehena erregistro honi etiketa jartzen!

MARC

LEADER 00000nam a2200000Ia 4500
008 170316s9999 xx 000 0 und d
040 |a cru BVZT 
090 |a 862 O-7e v.3 
100 |a Ortúnez de Calahorra, Diego 
245 |a Espejo de príncipes y caballeros III 
260 |a Madrid, España 
260 |b Espasa-Calpe 
260 |c 1975 
300 |a 314 páginas 
650 |a LITERATURA ESPAÑOLA 
999 |c 10256  |d 10256 
942 |c 15 D  |h 862 O-7e v.3  |2 z